00390nam a2200157Ia 4500008004100000020001400041245003200055245003800087260001500125260001600140300001400156300002500170300001000195500000800205999001900213170705s9999 xx 000 0 und d a590689517 aOlive, the other reindeer / cJ. Otto Seibold and Vivian Walsh. aNew York : bScholastic, aunpaged : bcolor illustration ; c24cm. a540 c335894d335894